000 01735nam a2200493 c 4500
001 45915
003 ES-MaCES
005 20240131040003.0
008 150522s2015 sp 000 | spa d
017 _aNA 1941-2015
_bDL
020 _a9788490597835
040 _aES-MaCES
_bspa
_cES-MaCES
041 0 _aspa
_aeng
_aita
245 0 0 _aPatentes farmaceúticas y Derecho de la competencia
_cÁngel García Vidal (dir.) ; María del Mar Maroño Gargallo, Francisco Javier Framiñán Santas (coords.) ; [autores], Fernando Carbajo Cascón ... [et al.]
250 _a1ª ed
260 _aCizur Menor (Navarra)
_bAranzadi-Thomson Reuters
_c2015
300 _a282 p.
_c23 cm
490 1 _aEstudios
500 _aTextos en español, inglés e italiano
504 _aBibliografía: p. 269-282
541 _cCompra
650 4 _aproducto farmacéutico
_927802
650 4 _aindustria farmacéutica
_927803
650 4 _apatente
_927659
650 4 _aderechos de patente
_928154
650 4 _aderecho de patentes
_927168
650 4 _amonopolio
_928183
650 4 _amecanismo de control
_929918
650 4 _aderecho mercantil
_927157
650 4 _aderecho comunitario
_929866
650 4 _aderecho comparado
_929868
650 4 _aEstados Unidos
_928373
650 4 _aItalia
_926952
650 4 _927897
_acompetencia
650 4 _926752
_aUE
653 1 0 _aDerecho mercantil
700 1 _935716
_aGarcía Vidal, Ángel
_edir.
700 _935717
_aMaroño Gargallo, María del Mar
_ecol.
700 1 _935718
_aFramiñán Santas, Francisco Javier
_ecol.
700 1 _935719
_aCarbajo Cascón, Fernando
830 0 _aEstudios (Thomson Reuters-Aranzadi)
_934937
902 _aLIB Libro
942 _2CES
_cBK
_h6.0.11.
999 _c45915
_d45915